00484nam a2200145Ia 4500008004100000020001500041050002500056100002500081245006100106260005100167300004000218504004000258650002100298999001900319150223s9999 xx 000 0 und d a9710866117 aQH 308.2b.C357 2006 aCatchillar, Gerry C. aBiology :bA simplified approach /cGerry C. Catchillar. aMandaluyong City :bNational Book Store,c2006 a221 pages :bIllustration ;c28 cm. aIncludes glossary and bibliography. aSciencexBiology c283340d283340